Detalles MARC
| 000 -LEADER |
| fixed length control field |
02409nam a22003377a 4500 |
| 003 - CONTROL NUMBER IDENTIFIER |
| control field |
OSt |
| 005 - DATE AND TIME OF LATEST TRANSACTION |
| control field |
20240702150504.0 |
| 008 - FIXED-LENGTH DATA ELEMENTS--GENERAL INFORMATION |
| fixed length control field |
240521t2000 ck ||||gr|||| 00| 0dspa d |
| 020 ## - INTERNATIONAL STANDARD BOOK NUMBER |
| International Standard Book Number |
9580456208 |
| 037 ## - SOURCE OF ACQUISITION |
| Source of stock number/acquisition |
Donación |
| 040 ## - CATALOGING SOURCE |
| Original cataloging agency |
CO-JMCR |
| Language of cataloging |
spa |
| Transcribing agency |
CO-JMCR |
| Modifying agency |
CO-JMCR |
| Description conventions |
rda |
| 041 1# - LANGUAGE CODE |
| Language code of text/sound track or separate title |
spa |
| Language code of original |
eng |
| 082 04 - DEWEY DECIMAL CLASSIFICATION NUMBER |
| Edition number |
23 |
| Classification number |
306.81 |
| Item number |
D64c |
| 100 1# - MAIN ENTRY--PERSONAL NAME |
| Personal name |
Divakaruni, Chitra Banerjee, |
| Dates associated with a name |
1956 - |
| Relator term |
autora |
| 9 (RLIN) |
43669 |
| 245 10 - TITLE STATEMENT |
| Title |
Matrimonio arreglado : |
| Remainder of title |
relatos / |
| Statement of responsibility, etc. |
Chitra Banerjee Divakaruni traducción de Mercedes Guhl. |
| 260 ## - PUBLICATION, DISTRIBUTION, ETC. |
| Place of publication, distribution, etc. |
Colombia : |
| Name of publisher, distributor, etc. |
norma, |
| Date of publication, distribution, etc. |
©2000 |
| 300 ## - PHYSICAL DESCRIPTION |
| Extent |
380 páginas ; |
| Dimensions |
28 cm. |
| 490 0# - SERIES STATEMENT |
| Series statement |
El dorado |
| 500 ## - GENERAL NOTE |
| General note |
Incluye biografía en la solapa posterior. |
| 500 ## - GENERAL NOTE |
| General note |
Incluye glosario. |
| 505 0# - FORMATTED CONTENTS NOTE |
| Formatted contents note |
Los murciélagos -- Ropa -- Calles de plata, techos de oro -- La palabra Amor -- Una vida perfecta -- La historia de la criada -- La desaparición -- Puertas -- La ecografía -- La aventura -- Encuentro con Mrinal -- Glosario |
| 520 3# - SUMMARY, ETC. |
| Summary, etc. |
Matrimonio arreglado es un conjunto de relatos que tratan un mismo tema desde diferentes perspectivas: la crisis de la costumbre ancestral de arreglar matrimonios frente al casamiento por amor, que en últimas lo que muestra es la infiltración de las ideas occidentales en la escala de valores de la india. Son historias de matrimonios indios o mixtos, arreglados o enamorados a una realidad cambiante en el seno de sociedades modernas o tradicionales. Allí hay relaciones armoniosas y estables y otras carcomidas por el tedio, pero donde todos sus protagonistas reflexionan por igual sobre el camino que los ha conducido hasta allí. Cada historia es completa en sí misma y el conjunto integra un tapiz tan colorido, delicado y perdurable como el más fino sari de seda. Con los relatos de Matrimonio arreglado, Chitra Banerjee Divakaruni se hizo acreedora en 1995 al premio literario Josephine Miles del PEN Oakland, el premio literario de la Crítica de la Región de la Bahía y American Book Award de ficción. |
| 586 ## - AWARDS NOTE |
| Awards note |
Premio literario Josephine Miles del PEN Oakland, 1995 |
| 586 ## - AWARDS NOTE |
| Awards note |
Premio de la Crítica de l Región de la Bahía, 1995 |
| 586 ## - AWARDS NOTE |
| Awards note |
American Book Award de ficción, 1995 |
| 650 14 - SUBJECT ADDED ENTRY--TOPICAL TERM |
| Source of heading or term |
JMCR |
| Topical term or geographic name entry element |
Historias hindu |
| Chronological subdivision |
Siglo XX |
| 9 (RLIN) |
43670 |
| 650 24 - SUBJECT ADDED ENTRY--TOPICAL TERM |
| Source of heading or term |
JMCR |
| Topical term or geographic name entry element |
Matrimonio |
| Chronological subdivision |
Siglo XX |
| 9 (RLIN) |
43671 |
| 650 24 - SUBJECT ADDED ENTRY--TOPICAL TERM |
| Source of heading or term |
JMCR |
| Topical term or geographic name entry element |
Relatos hindu |
| Form subdivision |
amor |
| 9 (RLIN) |
43672 |
| 700 1# - ADDED ENTRY--PERSONAL NAME |
| Personal name |
Guhl, Mercedes, |
| Dates associated with a name |
1968 - |
| Relator term |
traductora |
| 9 (RLIN) |
43673 |
| 942 ## - ADDED ENTRY ELEMENTS (KOHA) |
| Source of classification or shelving scheme |
Dewey Decimal Classification |
| Koha item type |
Books |